000 01236cam a2200397 a 4500
001 4276
003 FISKH
005 20240711110731.0
008 001101s2001 nyu b 000 1 eng
010 _a 00052979
020 _a0066237483
020 _a0066237491 (lib. bdg.)
020 _a9780439560993
040 _aDLC
_cDLC
_dDLC
_beng
042 _alcac
050 _aPZ7.C2985
082 _a099
100 1 _aCazet, Denys.
245 1 0 _aMinnie and Moo meet Frankenswine /
_cby Denys Cazet.
250 _aFirst Scholastic printing, September 2003
260 _aNew York :
_bScholastic,
_c2001.
300 _a48 pages :
_bcolor illustrations ;
_c22 cm
440 0 _aI can read book
505 _aJ
520 _aDuring a thunderstorm, the farm animals are frightened out of the barn by a monster, and only cow friends Minnie and Moo are brave enough to investigate.
521 8 _a470
_bLexile
521 8 _aJ
_bRaz-Plus
650 1 _aCows
_vFiction.
650 1 _aDomestic animals
_vFiction.
650 1 _aMonsters
_vFiction.
650 1 _aThunderstorms
_vFiction.
650 1 _aHumorous stories.
906 _a7
_bcbc
_corignew
_d1
_eocip
_f20
_gy-gencatlg
942 _2ddc
_cBK
_n0
999 _c4276
_d4276